000 00261nam a22001217a 4500
008 180425b xxu||||| |||| 00| 0 eng d
041 _aeng
080 _a72
100 _a41
101 _aARK
245 _aVizatimi dhe Arkitektura 1
_cKote,R
942 _2udc
_cBK
999 _c45537
_d45537